000 00772nam a2200253 i 4500
001 000033524
003 DO-SdBNP
005 20240130124620.0
007 ta
008 110830s1986 dr 000 0 spa d
040 _aDO-SdBNP
_bspa
_cBNPHU
_erda
049 _aBNPD
082 4 _222
245 1 0 _aPremio APEC al periodismo José Ramón López 1986
264 _aSanto Domingo :
_bAPEC,
_c1986.
300 _a121 páginas ;
_c23 cm.
336 _2rdacontent
_atexto
_btxt
337 _2rdamedia
_asin mediación
_bn
338 _2rdacarrier
_avolumen
_bnc
500 _aSemblanza de una labor periodistica: Dr. Germán E. Ornes Coiscou Galardonado
586 _aPremio APEC al periodismo José Ramón Lépez
590 _aInventariado, 2024/BT
942 _2ddc
_cLBS1
999 _c33015
_d33015